000 00749nam a2200205 4500
008 010625s1995 enk 1 engYA
020 _a1850755515
090 _aBS1550.A3
_bM46
100 1 _aMeadowcroft, T. J.
245 1 0 _aAramaic Daniel and Greek Daniel :
_ba literary comparison /
_cT. J. Meadowcroft
260 _aEngland :
_bSheffield Academic Press,
_cc1995.
300 _a336 p.
490 1 _aJSOTS supplement series;
_v198.
504 _aBiblio : pp. 307-318.
504 _aIncludes index.
650 4 _aBible. O.T. Daniel. Aramaic
_xCriticism, interpretation, etc.
650 4 _aBible. O.T. Daniel. Greek
_xCriticism, interpretation, etc.
950 0 _84/27
951 _p23728
_x00014976
_oBS1550.A3/M46
_j070613110929781
_d2000-12-21
_cGC
999 _c2004
_d2004